00907nam a2200241 i 450000100060000000300090000600500170001500700030003200800410003502000180007608000430009410000410013724500830017826000480026130000220030949000820033150400340041360000550044763000350050265000370053783000580057485200330063291802ES-MaACL20250827233243.0t|050217s2002 sp ||||1| spa d a84-338-3084-8 a821.134.2(82) Borges, Jorque Luis 1.071 aGómez López-Quiñones, Antonio.10aBorges y el nazismo, "Sur" (1937-1946) / cAntonio Gómez López-Quiñones. aGranada : bUniversidad de Granada, c2004. a236 p. ; c21 cm.1 aMonografía. Biblioteca de humanidades. Teoría y crítica literarias ;v8 aBibliografía: p. [222]-234.14aBorges, Jorge Luis-xCrítica e interpretación.07aSur (Buenos Aires)-xHistoria. 4aNacionalismo-xEn la literatura.00aBiblioteca de humanidades (Universidad de Granada)v8 aES-MaACLjL-28855 bR.135032